Fundamentals of Graphics Communication. (Record no. 609512)

000 -LEADER
fixed length control field 00429nam a22001577a 4500
020 ## - INTERNATIONAL STANDARD BOOK NUMBER
International Standard Book Number 0072864583
040 ## - CATALOGING SOURCE
Transcribing agency NUST
082 ## - DEWEY DECIMAL CLASSIFICATION NUMBER
Classification number 604.2
Author Mark BER
100 ## - MAIN ENTRY--PERSONAL NAME
Personal name Bertoline, Gary R
9 (RLIN) 7936
110 ## - MAIN ENTRY--CORPORATE NAME
Corporate name or jurisdiction name as entry element Wiebe, Eric N
9 (RLIN) 123290
245 ## - TITLE STATEMENT
Title Fundamentals of Graphics Communication.
250 ## - EDITION STATEMENT
Edition statement 4th Edition
260 ## - PUBLICATION, DISTRIBUTION, ETC.
Place of publication, distribution, etc. Boston:
Name of publisher, distributor, etc. Mcgraw Hill,
Date of publication, distribution, etc. 2005.
650 ## - SUBJECT ADDED ENTRY--TOPICAL TERM
Topical term or geographic name entry element Fundamentals of Graphics Communication.
9 (RLIN) 113213
942 ## - ADDED ENTRY ELEMENTS (KOHA)
Source of classification or shelving scheme
Koha item type Book
Holdings
Withdrawn status Lost status Source of classification or shelving scheme Damaged status Not for loan Permanent Location Current Location Shelving location Date acquired Full call number Barcode Date last seen Price effective from Koha item type Public note
          College of Electrical & Mechanical Engineering (CEME) College of Electrical & Mechanical Engineering (CEME) General Stacks 06/05/2024 604.2 BER CEME- 42504 06/05/2024 06/05/2024 Book 3.8
© 2023 Central Library, National University of Sciences and Technology. All Rights Reserved.